Normal view
MARC view
- Airplanes
Entry Topical Term
001 - CONTROL NUMBER
- control field: 55746
003 - CONTROL NUMBER IDENTIFIER
- control field: NUST
005 - DATE AND TIME OF LATEST TRANSACTION
- control field: 20210628201538.0
008 - FIXED-LENGTH DATA ELEMENTS
- fixed length control field: 210628|| aca||aabn | a|a d
040 ## - CATALOGING SOURCE
- Original cataloging agency: NUST
- Transcribing agency: NUST
150 ## - HEADING--TOPICAL TERM
- Topical term or geographic name entry element: Airplanes
- General subdivision: Parts
- General subdivision: Defects
670 ## - SOURCE DATA FOUND
- Source citation: Work cat.: (NUST): Reddy, A. Venugopal. 55745, Investigation of aeronautical and engineering component failures /, c2004.
